01005nam a22001935i 4500001000700000003000900007005001700016008004100033040003000074100004200104245036200146260006300508300004900571600007600620650002400696650002000720752002400740852004700764162107ES-MaACL20251109125543.0990316s1837 sp af |||| | spa d aCCPB | B bspa cCCPB | B1 aPiélago, Celestino del, d1792-188010aTeoría mecánica de las construcciones, para los estudios de la Academia Especial de Ingenieros b: sacada de las obras de M. Navier y de varios autores : comprende la resistencia de los cuerpos que sirven de materiales, y la descripcion y establecimiento de las construcciones de tierra, de piedra, de madera y de hierro / cpor Celestino del Piélago. aMadrid : b[s.n.], c1837 (fImprenta de Manuel de Burgos) aXL, 440 p., IX h. de lám. pleg. ; c22 cm.17aNavier, Louis Marie Henri, d1785-1836-xCrítica e interpretación207aIngeniería2embne 4aConstrucción. aEspaña - dMadrid aES-MaACLjF-5035 z- Enc. pasta española